000 01009nam a22002657a 4500
999 _c2069
_d2069
003 AR-CdUCM
008 190301b ||||| |||| 00| 0 spa d
040 _aMUNICIPALIDAD PROVINCIAL DEL CUSCO
_cBIBLIOTECA MUNICIPAL DEL CUSCO
041 _heng
082 _24ta
_a800.1 /
_bW44
100 _aWellek, René
_97475
245 _aTeoría Literaria :
260 _aEspaña :
_bGredos ;
_c1966.
300 _a430 páginas
_c20cm
440 _aBiblioteca Románica Hispánica
_nI Tratados y Monografías
_97476
505 _aLa literatura y los estudios literarios -- Naturaleza de la literatura -- Función de la literatura -- Teoría crítica e historia literarias -- Literatura general, literatura comparada y literatura nacional
650 _aTeoría
_95077
650 _aLiteratura
_983
650 _aGéneros literarios
_92289
650 _aHistoria literaria
_92287
650 _aLiteratura e ideas
_97477
700 _aWarren, Austin
_97478
942 _2ddc
_cLIBROS
945 _anom
_d2019-03-01